| 000 | 00514nam a2200193Ia 4500 | ||
|---|---|---|---|
| 003 | GCL | ||
| 008 | 140319s9999 xx 000 0 eng d | ||
| 040 |
_aGCL / _cGCL |
||
| 082 | 0 | 4 |
_a616.079 _bV I |
| 100 | 1 | _aVIRELLA, GABRIEL | |
| 245 | 1 | 0 |
_aINTRODUCTION TO MEDICAL IMMUNOLOGY / _cVIRELLA, GABRIEL |
| 260 |
_a[S.N] : _bMARCEL DEKKER, INC ، _c1993 |
||
| 300 | _a595 P | ||
| 650 | 0 | 4 | _aCLINICAL IMMUNOLOGY |
| 650 | 0 | 4 | _aIMMUNOLOGY |
| 650 | 0 | 4 | _aIMMUNITY |
| 650 | 0 | 4 | _aIMMUNOLOGICAL DISEASES |
| 942 |
_2ddc _cBK |
||
| 999 |
_c24160 _d24160 |
||